China at the forefront of energy innovations From renewable energy to nuclear fusion
| Szerzők: | |
|---|---|
| Dokumentumtípus: | Könyv része |
| Megjelent: |
Budapesti Gazdaságtudományi Egyetem
Budapest
2026
|
| Sorozat: | Researchers’ Day Conference Proceedings – Budapest University of Economics and Business 2025
|
| Tárgyszavak: | |
| doi: | 10.29180/978-615-6886-26-2_1 |
| Kulcsszavak: | energy innovations renewable energy nuclear fusion energy storage hydrogen technologies smart grid decarbonization Carbon Neutrality energy security industrial policy |
| Online Access: | http://publikaciotar.uni-bge.hu/2623 |
MARC
| LEADER | 00000naa a2200000 i 4500 | ||
|---|---|---|---|
| 001 | publ2623 | ||
| 005 | 20260325081829.0 | ||
| 008 | 260324s2026 hu o 000 zxx d | ||
| 020 | |a 978-615-6886-26-2 | ||
| 024 | |a 10.29180/978-615-6886-26-2_1 |2 doi | ||
| 040 | |a BGE Publikációtár Repozitórium |b hun | ||
| 100 | 1 | |a Pidchosa Oleksandr | |
| 245 | 1 | 0 | |a China at the forefront of energy innovations |b From renewable energy to nuclear fusion |c Pidchosa Oleksandr |h [elektronikus dokumentum] |
| 260 | |a Budapesti Gazdaságtudományi Egyetem |b Budapest |c 2026 | ||
| 300 | |a 1-12 | ||
| 490 | 0 | |a Researchers’ Day Conference Proceedings – Budapest University of Economics and Business 2025 | |
| 650 | 4 | |a regionális tudományok | |
| 695 | |a energy innovations | ||
| 695 | |a renewable energy | ||
| 695 | |a nuclear fusion | ||
| 695 | |a energy storage | ||
| 695 | |a hydrogen technologies | ||
| 695 | |a smart grid | ||
| 695 | |a decarbonization | ||
| 695 | |a Carbon Neutrality | ||
| 695 | |a energy security | ||
| 695 | |a industrial policy | ||
| 700 | 1 | |a Hunda Anastasiya |e aut | |
| 856 | 4 | 0 | |u https://publikaciotar.uni-bge.hu/id/eprint/2623/1/KUTAT%C3%93I%20NAP%202025%20-%20Full%20edition%20%28revised%29_1%20cikk.pdf |z Dokumentum-elérés |